Loading...
| Fine Arts - Other Fine Arts | 2 | 6 | 2 | 2 | 80 | 65 | 107.38 | 3 | 8 |
| Science - Biology | 0 | 7 | 0 | 1 | 70 | 72 | 95.00 | 1 | 5 |
| Literature - European Literature | 3 | 2 | 0 | 0 | 65 | 40 | 77.40 | 3 | 5 |
| Science - Chemistry | 2 | 4 | 2 | 1 | 60 | 16 | 72.00 | 1 | 6 |
| Fine Arts - Auditory Fine Arts | 2 | 3 | 1 | 1 | 55 | 63 | 87.20 | 0 | 5 |
| Literature - American Literature | 1 | 4 | 1 | 0 | 50 | 42 | 87.40 | 0 | 5 |
| Social Science | 1 | 3 | 0 | 3 | 45 | 62 | 113.00 | 1 | 3 |
| Literature - British Literature | 0 | 5 | 1 | 0 | 45 | 100 | 115.80 | 2 | 4 |
| Literature - World Literature | 1 | 3 | 1 | 0 | 40 | 68 | 95.00 | 3 | 4 |
| Philosophy | 0 | 4 | 0 | 2 | 40 | 58 | 92.25 | 2 | 4 |
| Science - Physics | 0 | 4 | 1 | 1 | 35 | 86 | 115.75 | 0 | 3 |
| History - American History | 1 | 2 | 0 | 1 | 35 | 59 | 99.00 | 0 | 3 |
| Mythology | 1 | 1 | 0 | 0 | 25 | 35 | 70.50 | 0 | 2 |
| History - World History | 0 | 2 | 0 | 1 | 20 | 93 | 116.00 | 0 | 1 |
| History - Other History | 0 | 2 | 0 | 1 | 20 | 94 | 112.00 | 0 | 1 |
| Geography | 1 | 0 | 0 | 0 | 15 | 62 | 62.00 | 1 | 1 |
| Other Academic | 0 | 1 | 0 | 1 | 10 | 136 | 136.00 | 0 | 1 |
| Science - Other Science | 0 | 1 | 0 | 0 | 10 | 103 | 103.00 | 0 | 1 |
| Religion | 0 | 0 | 1 | 0 | -5 | 0.00 | 0 | 0 | |
| Fine Arts - Visual Fine Arts | 0 | 1 | 3 | 1 | -5 | 152 | 152.00 | 0 | 1 |